Mediación estratégica
Guardat en:
| Autor principal: | |
|---|---|
| Format: | Llibre |
| Idioma: | espanyol |
| Publicat: |
Madrid
Gedisa
2002
|
| Edició: | 1a. ed |
| Matèries: | |
| Etiquetes: |
Afegir etiqueta
Sense etiquetes, Sigues el primer a etiquetar aquest registre!
|
MARC
| LEADER | 00000nam a2200000 a 4500 | ||
|---|---|---|---|
| 001 | UCK7236 | ||
| 003 | CL-VaPUC | ||
| 008 | 051111e20020000SP |||||||||||||||||spa|d | ||
| 020 | |a 8474329019 | ||
| 082 | 0 | 4 | |a 303.69 |b CAL |2 21 |
| 100 | 0 | |a Calcaterra, Rubén A |e author |9 496751 | |
| 245 | 1 | 0 | |a Mediación estratégica |
| 250 | |a 1a. ed | ||
| 300 | |a 361 p | ||
| 942 | |c BK | ||
| 945 | |d 20051111 00:00:00 |a jtorresc | ||
| 260 | |a Madrid |b Gedisa |c 2002 | ||
| 650 | 0 | |a Mediación |9 338396 | |
| 650 | 0 | |a Relaciones interpersonales |9 307056 | |
| 650 | 0 | |a Conducta humana |9 269906 | |
| 650 | 0 | |a Resolución de conflictos |9 434922 | |
| 583 | |a last modification |c 20160307 01:03:08 |k Rodrigo Vera | ||
| 999 | |c 315276 |d 315274 | ||
| 952 | |0 0 |1 0 |4 0 |6 303_690000000000000_CAL_2002 |7 0 |8 A |9 388296 |a BIBDER |b BIBDER |d 2019-11-22 |i 4180682 |o 303.69 CAL 2002 |p 4180682 |r 2023-01-25 |w 2019-11-22 |y BK |k DER | ||